Re- orienting western Feminisms (Record no. 7781)

MARC details
000 -LEADER
fixed length control field 00514nam a22001817a 4500
003 - CONTROL NUMBER IDENTIFIER
control field OSt
005 - DATE AND TIME OF LATEST TRANSACTION
control field 20220303121742.0
008 - FIXED-LENGTH DATA ELEMENTS--GENERAL INFORMATION
fixed length control field 220303b ||||| |||| 00| 0 eng d
020 ## - INTERNATIONAL STANDARD BOOK NUMBER
International Standard Book Number 0521589754
040 ## - CATALOGING SOURCE
Transcribing agency DDC
082 ## - DEWEY DECIMAL CLASSIFICATION NUMBER
Classification number 305.42BUL 1998
100 ## - MAIN ENTRY--PERSONAL NAME
Personal name Bulbeck, Chila
9 (RLIN) 15852
245 ## - TITLE STATEMENT
Title Re- orienting western Feminisms
Remainder of title : women's diversity in post colonial world
260 ## - PUBLICATION, DISTRIBUTION, ETC. (IMPRINT)
Place of publication, distribution, etc. New york
Name of publisher, distributor, etc. : Cambridge University
Date of publication, distribution, etc. , C1998
300 ## - PHYSICAL DESCRIPTION
Extent xi, 270p.
Dimensions ; 23 cm
504 ## - BIBLIOGRAPHY, ETC. NOTE
Bibliography, etc Bibliography<br/>Index
942 ## - ADDED ENTRY ELEMENTS (KOHA)
Source of classification or shelving scheme Dewey Decimal Classification
Koha item type Book
Holdings
Withdrawn status Lost status Source of classification or shelving scheme Damaged status Not for loan Home library Current library Date acquired Source of acquisition Inventory number Total Checkouts Full call number Barcode Date last seen Price effective from Koha item type
    Dewey Decimal Classification     Faculty of Interdisciplinary Studies Library Faculty of Interdisciplinary Studies Library 03/03/2022 Purchase 11/4238   305.42BUL 1998 2022-0390 03/03/2022 03/03/2022 Book